| Tag |
First Indicator |
Second Indicator |
Subfields |
| LEADER |
00000cam a2200000 4500 |
| 001 |
in00000064155 |
| 005 |
20151008051205.0 |
| 008 |
720126s1966 nyu b 00000 eng u |
| 010 |
|
|
|a 66021038
|
| 035 |
|
|
|a (OCoLC)00228316
|
| 035 |
|
|
|9 AAG6325AM
|
| 040 |
|
|
|c CWR
|d OCL
|d TXA
|d UtOrBLW
|
| 049 |
|
|
|a TXAM
|c [476598]
|
| 050 |
|
0 |
|a RA418
|b .S36
|
| 092 |
|
|
|a 362.1
|b S431m
|
| 100 |
1 |
|
|a Scott, W. Richard.
|
| 245 |
1 |
0 |
|a Medical care ;
|b readings in the sociology of medical institutions /
|c edited by W. Richard Scott [and] Edmund H. Volkart, with the assistance of Lynda Lytle Holmstrom.
|
| 264 |
|
1 |
|a New York :
|b J. Wiley,
|c [1966]
|
| 300 |
|
|
|a x, 595 pages
|
| 336 |
|
|
|a text
|b txt
|2 rdacontent
|
| 337 |
|
|
|a unmediated
|b n
|2 rdamedia
|
| 338 |
|
|
|a volume
|b nc
|2 rdacarrier
|
| 504 |
|
|
|a Includes bibliographies.
|
| 650 |
|
0 |
|a Social medicine.
|
| 650 |
|
0 |
|a Medicine.
|
| 700 |
1 |
|
|a Volkart, Edmund Howell,
|d 1919-
|
| 999 |
|
|
|a MARS
|
| 999 |
f |
f |
|s 303b1ab7-0b25-33ed-a429-9d35474eae46
|i 61ffc1fa-fbb3-31ca-87fb-d986c0e6d811
|t 0
|
| 952 |
f |
f |
|p ric
|a Texas A&M University
|b Rellis Campus
|c Joint Library Facility
|d Remote Storage
|t 0
|e RA418 .S36
|h Library of Congress classification
|i unmediated -- volume
|m A14800809786
|
| 998 |
f |
f |
|a RA418 .S36
|t 0
|l Remote Storage
|